[Event "Bergamo Province-ch"]
[Site "Bergamo"]
[Date "2013.01.27"]
[Round "5"]
[White "Rota, Gabriele"]
[Black "Chiarparin, Matteo"]
[Result "0-1"]
[WhiteElo "1359"]
[BlackElo "1458"]
[PlyCount "70"]
[EventDate "2013.01.19"]
[EventType "swiss"]
[EventRounds "6"]
[EventCountry "ITA"]
[SourceTitle "EXT 2024"]
[Source "ChessBase"]
[SourceDate "2023.10.10"]
[SourceVersion "1"]
[SourceVersionDate "2023.10.10"]
[SourceQuality "1"]

1. e4 c5 2. d4 cxd4 3. c3 dxc3 4. Nxc3 Nc6 5. Be3 g6 6. Bc4 Bg7 7. Qd2 Qa5 8. Rc1 Nf6 9. f3 d6 10. Nd5 Qxd2+ 11. Bxd2 Nxd5 12. Bxd5 Bd7 13. Bc3 0-0 14. Bxg7 Kxg7 15. Ne2 Nb4 16. Kd2 Nxd5 17. exd5 Rac8 18. Rxc8 Rxc8 19. Rc1 Rxc1 20. Nxc1 Bb5 21. Kc3 Bf1 22. g3 Bg2 23. Kd4 Bxf3 24. Nb3 b6 25. Kc4 Kf6 26. Nd4 Bg2 27. Kb5 Bxd5 28. a4 e5 29. Ne2 Bb7 30. Kb4 d5 31. Nc3 e4 32. Ne2 Ke5 33. Kc3 f5 34. Kd2 g5 35. Ke3 Ba6 0-1